书目信息 |
| 题名: |
化工原理
|
|
| 作者: | 蒋维钧 , 余立新 编著 | |
| 分册: | ||
| 出版信息: | 北京 清华大学出版社 2005.10 |
|
| 页数: | 357页 | |
| 开本: | 26cm | |
| 丛书名: | ||
| 单 册: | ||
| 中图分类: | TQ02 | |
| 科图分类: | ||
| 主题词: | 化工过程:物理化学过程 , 化工过程 , 流体流动--高等学校--教材 | |
| 电子资源: | ||
| ISBN: | 7-302-11139-1 | |
| 000 | 00725nam0 2200241 450 | |
| 001 | 0636429984 | |
| 005 | 20061010163121.25 | |
| 010 | @a7-302-11139-1@dCNY 35.00 | |
| 100 | @a20060818d2005 km y0chiy0120 ea | |
| 101 | 0 | @achi |
| 102 | @aCN@b110000 | |
| 200 | 1 | @a化工原理@e流体流动与传热@f蒋维钧,余立新编著@Fjiang wei jun,yu li xin bian zhu |
| 210 | @a北京@c清华大学出版社@d2005.10 | |
| 215 | @a357页@d26cm | |
| 517 | 1 | @a流体流动与传热@Aliu ti liu dong yu chuan re |
| 606 | 0 | @a化工过程:物理化学过程 |
| 606 | 0 | @a化工过程 |
| 606 | 0 | @a流体流动@x高等学校@x教材 |
| 690 | @aTQ02@v4 | |
| 701 | 0 | @a蒋维钧@Ajiang wei jun@4编著 |
| 701 | 0 | @a余立新@Ayu li xin@4编著 |
| 801 | @aCN@c20061010 | |
| 905 | @a10447@dTQ02@eJ5921 | |
| 化工原理:流体流动与传热/蒋维钧,余立新编著.-北京:清华大学出版社,2005.10 |
| 357页;26cm |
| ISBN 7-302-11139-1:CNY 35.00 |
| ● |
| 相关链接 |
|
|
|
正题名:化工原理
索取号:TQ02/J5921
 
预约/预借
| 序号 | 登录号 | 条形码 | 馆藏地/架位号 | 状态 | 备注 |
| 1 | 608452 | 206084529 | 期刊室512/501自科库 137排5列1层/ [索取号:TQ02/J5921] | 在馆 | |
| 2 | 608453 | 206084538 | 材料与化工学院资料室/ [索取号:TQ02/J5921] | 在馆 | |
| 3 | 608454 | 206084547 | 期刊室512/501自科库 137排5列1层/ [索取号:TQ02/J5921] | 在馆 |